| 000 | 00614nam a22002177a 4500 | ||
|---|---|---|---|
| 999 |
_c5907 _d5907 |
||
| 003 | OSt | ||
| 005 | 20251127111724.0 | ||
| 008 | 251127b ||||| |||| 00| 0 eng d | ||
| 020 | _a9780062838292 | ||
| 040 | _cKH8 | ||
| 082 | _aFIC WHI | ||
| 100 |
_aWhite, J. A. , _eauthor. |
||
| 245 |
_aShadow School : _bArchimancy / _cJ. A. White. |
||
| 260 |
_aNew York ; _bKatherine Tegen Books , _c2019. |
||
| 300 |
_a291 pages : _billustrations ; _c19 cm. |
||
| 490 |
_aShadow School _vbook 1 |
||
| 650 |
_aFantasy & magic _vfiction |
||
| 650 |
_aGhosts _vfiction |
||
| 650 |
_aHaunted places _vfiction |
||
| 942 |
_2ddc _cFIC |
||